书目信息 |
| 题名: |
人间喜剧
|
|
| 作者: | 陈世旭 文 ;王凤桐 画 | |
| 分册: | ||
| 出版信息: | 北京 西苑出版社 2013 |
|
| 页数: | 213页 | |
| 开本: | 23cm | |
| 丛书名: | 中国当代名人语画书系 | |
| 单 册: | ||
| 中图分类: | I267.1 , J228.2 | |
| 科图分类: | ||
| 主题词: | 杂文--中国--现代--选集 , 漫画--中国--现代--画册 | |
| 电子资源: | ||
| ISBN: | 978-7-80108-390-6 | |
| 000 | 00962oam2 2200313 450 | |
| 001 | 337961 | |
| 005 | 20150601082102.35 | |
| 010 | @a978-7-80108-390-6@dCNY27.80 | |
| 100 | @a20010429d2000 em y0chiy0110 ea | |
| 101 | 0 | @achi |
| 102 | @aCN@b110000 | |
| 105 | @aa t 000cy | |
| 106 | @ar | |
| 200 | 1 | @a人间喜剧@Aren jian xi ju@f陈世旭文@g王凤桐画 |
| 205 | @a第2版 | |
| 210 | @a北京@c西苑出版社@d2013 | |
| 215 | @a213页@d23cm | |
| 225 | 2 | @a中国当代名人语画书系 |
| 304 | @a版权页题:王凤同画 | |
| 330 | @a本书收录了“言者无意”、“儿子最大”、“自知最难”、“角色错位”、“后事难料”等200余篇杂文, 并且每篇配以形象的漫画。 | |
| 410 | 0 | @12001 @a中国当代名人语画书系 |
| 606 | 0 | @a杂文@y中国@z现代@j选集 |
| 606 | 0 | @a漫画@y中国@z现代@j画册 |
| 690 | @aI267.1@v5 | |
| 690 | @aJ228.2@v5 | |
| 701 | 0 | @a陈世旭@Achen shi xu@f(1948)@4文 |
| 702 | 0 | @a王凤桐@Awang feng tong@4画 |
| 801 | 0 | @aCN@b卓展宏图@c20150525 |
| 905 | @dI267.1@e1609=2@f5 | |
| 人间喜剧/陈世旭文/王凤桐画.-第2版.-北京:西苑出版社,2013 |
| 213页;23cm.-(中国当代名人语画书系) |
| ISBN 978-7-80108-390-6:CNY27.80 |
| 本书收录了“言者无意”、“儿子最大”、“自知最难”、“角色错位”、“后事难料”等200余篇杂文, 并且每篇配以形象的漫画。 |
| ● |
| 相关链接 |
|
|
|
|
正题名:人间喜剧
索取号:I267.1/1609=2
 
预约/预借
| 序号 | 登录号 | 条形码 | 馆藏地/架位号 | 状态 | 备注 |
| 1 | 856873 | 208568735 | 第一样本阅览室/ [索取号:I267.1/1609=2] | 在馆 | |
| 2 | 856874 | 208568744 | 第二借阅区/ [索取号:I267.1/1609=2] | 在馆 | |
| 3 | 856875 | 208568753 | 第二借阅区/ [索取号:I267.1/1609=2] | 在馆 | |
| 4 | 856876 | 208568762 | 第二借阅区/ [索取号:I267.1/1609=2] | 在馆 | |
| 5 | 856877 | 208568771 | 第二借阅区/ [索取号:I267.1/1609=2] | 在馆 |